Estatísticas para Artilheiros do Cruzeiro por ano

Clique aqui para jogar o quiz

Estatísticas Gerais

  • Esse quiz foi jogado 53 vezes
  • A pontuação média é 13 de 33

Estatísticas das Respostas

HintResposta% Correto
2014Marcelo Moreno
89%
2014Ricardo Goulart
84%
2023Bruno Rodrigues
82%
2005Fred
80%
2019Fred
80%
2013Bórges
78%
2022Edu
76%
2017Thiago Neves
76%
2018Thiago Neves
76%
2003Alex
73%
2016Arrascaeta
71%
20/21Rafael Sóbis
62%
2012Wellington Paulista
47%
2009Wellington Paulista
47%
2015Leandro Damião
42%
2011Montillo
36%
2010Thiago Ribeiro
27%
1996Marcelo Ramos
22%
1997Marcelo Ramos
22%
1995Marcelo Ramos
22%
2002Fábio Júnior
20%
1998Fábio Junior
20%
1992Renato Gaúcho
20%
2021Matheus barbosa
16%
2001Oséas
11%
2000Oséas
11%
1994Ronaldo Fenômeno
11%
1993Ronaldo Fenômeno
11%
2007Araújo
7%
1999Alex Alves
4%
2004Jussiê
4%
2006Élber Giovane
2%
2008Guilherme Gusmão
0%

Distribuição das Pontuações

Percentil de Números Respondidos

Porcentagem de Pessoas com Cada Pontuação

Sua Pontuação Histórica

Você não jogou esse quiz